00451pab a2200157 454500008004000000100002100040245006000061260000900121300001300130362000800143650003000151650005400181650003100235650001100266773001600277180718b2002 xxu||||| |||| 00| 0 eng d aGurulingaiah, M. aRole of NGO in empowerment of tribal women in Karnataka c2002 ap.30-33. aDec aWomen - India - Karnataka aNongovernmental organizations - India - Karnataka aTribes - India - Karnataka aTribes aKurukshetra